000 00670cam a2200265 a 4500
999 _c5550
_d5550
001 5550
003 BD-JhCC
005 20180404175904.0
008 091212s2012 mau 001 0 eng
020 _a0021084955
035 _a(BD-JhCC)5550
040 _aDLC
_cDLC
_dDLC
041 _aeng
050 0 0 _aQA39.3
_b.M42 2012
082 0 0 _a510
_222
_bMAT 1992
245 0 0 _aMathematics in action /
_cAlan R. Hoffer...[et. all]
250 _a4th ed.
260 _aNew York :
_bMcGraw-Hill,
_cc2012.
300 _a598 p. :
_c28 cm.
_bill. ;
500 _aIncludes index.
650 0 _aMathematics.
700 _aHoffer, Alan R.
942 _2ddc
_cBK